|
|
|
|
| LEADER |
00000nam a2200000 4500 |
| 001 |
vtls011736670 |
| 003 |
SK-MaSNL |
| 005 |
20260301095040.0 |
| 008 |
240318s2016 xr abc f p 000 0 cze |
| 015 |
|
|
|a SNBZSA2018/03
|
| 020 |
|
|
|a 9788073946203
|q (brožované)
|
| 035 |
|
|
|a urn:nbn:sk:snk-am00d9h7
|
| 035 |
|
|
|a urn:nbn:sk:snk-am3hu6r
|
| 035 |
|
|
|a C318A383-7C35-40FA-8F32-79E8B0CE34C1
|
| 040 |
|
|
|a SNK
|b slo
|c SNK
|e rda
|
| 041 |
0 |
|
|a cze
|
| 043 |
|
|
|a e-cs---
|
| 044 |
|
|
|a xr
|c CZ
|
| 072 |
|
7 |
|a 94(437)
|x Dějiny Česka a Slovenska
|2 Konspekt
|
| 080 |
|
|
|a 323
|2 2011
|
| 080 |
|
|
|a 327
|2 2011
|
| 080 |
|
|
|a 94(437)
|2 2011
|
| 080 |
|
|
|a (075.8)
|2 2011
|
| 080 |
|
|
|a 32-051
|2 2011
|
| 100 |
1 |
|
|a Šmíd, Marek,
|d 1979-
|4 aut
|9 227127
|
| 245 |
1 |
0 |
|a Československo ve 20. století
|b na společné cestě 1914-1992
|c Marek Šmíd
|
| 246 |
3 |
0 |
|a Na společné cestě 1914-1992
|
| 250 |
|
|
|a 1. vydání
|
| 264 |
|
1 |
|a České Budějovice
|b Jihočeská univerzita v Českých Budějovicích
|c 2016
|
| 300 |
|
|
|a 154 strán
|b ilustrácie, mapy, portréty
|c 21 cm
|
| 336 |
|
|
|a text
|b txt
|2 rdacontent
|
| 337 |
|
|
|a bez média
|b n
|2 rdamedia
|
| 338 |
|
|
|a zväzok
|b nc
|2 rdacarrier
|
| 500 |
|
|
|a Obsahuje chronologický prehľad
|
| 504 |
|
|
|a Bibliografia na strane 141-146
|
| 648 |
|
7 |
|a 20. stor.
|2 SNKPH
|9 275975
|
| 650 |
0 |
7 |
|a vnútorná politika
|2 SNKPH
|9 970
|
| 650 |
0 |
7 |
|a Internal policy
|2 SNKPHeng
|9 270122
|
| 650 |
0 |
7 |
|a zahraničná politika
|2 SNKPH
|9 971
|
| 650 |
0 |
7 |
|a Foreign policy
|2 SNKPHeng
|9 266402
|
| 650 |
0 |
7 |
|a politici
|2 SNKPH
|9 2679
|
| 650 |
0 |
7 |
|a Politicians
|2 SNKPHeng
|9 281560
|
| 651 |
|
7 |
|a Československo
|x dejiny
|2 SNKPH
|9 161432
|
| 651 |
|
7 |
|a Czechoslovakia
|x History
|2 SNKPHeng
|9 125910
|
| 655 |
|
7 |
|a učebnice vysokých škôl
|2 SNKPH
|9 70191
|
| 655 |
|
7 |
|a Textbooks (higher)
|2 SNKPHeng
|9 276436
|
| 710 |
2 |
|
|a Jihočeská univerzita v Českých Budějovicích.
|b Pedagogická fakulta
|4 pbl
|9 122064
|
| 919 |
|
|
|a 978-80-7394-620-3
|
| 958 |
|
|
|a ZS
|
| 958 |
|
|
|a NB
|
| 999 |
|
|
|c 682039
|d 683969
|
| 952 |
|
|
|a SNK
|b SNK
|y NEVYP
|7 1
|p 17A1320048
|o snkSC 178153
|i snk2018/3415
|8 4
|g 3.93
|0 0
|1 0
|4 0
|d 2018-01-16
|f 1
|l 0
|r 2025-09-19 00:00:00
|w 2026-02-23
|